[Event "Junior Online 4NCL Division 3"]
[Site "online"]
[Date "2021.11.11"]
[EventDate "2021.11.11"]
[Round "7.104"]
[White "Vusikala, Tarun"]
[WhiteElo "347"]
[WhiteTeam "East Kilbride Rooks"]
[Black "Milani-Foglia, Aurelio"]
[BlackElo "1128"]
[BlackTeam "Edgware Gambits D"]
[Result "1-0"]
[PlyCount "59"]

1. e4 e6 2. d4 d5 3. e5 c5 4. Nf3 Nc6 5. Be3 Qb6 6. Nc3 Qxb2 7. Bd2 cxd4 8. Rb1 Qa3 9. Nb5 Qe7 10. Nfxd4 Nxd4 11. Nxd4 Qc5 12. Be3 Qc7 13. Nb5 Qa5+ 14. Bd2 Qxa2 15. Nc7+ Kd7 16. Nxa8 b6 17. Bb5+ Kd8 18. Ra1 Qb2 19. Rxa7 Qxb5 20. Nc7 Qc4 21. Qb1 Bc5 22. Bg5+ f6 23. Nxe6+ Ke8 24. exf6 gxf6 25. Bxf6 Nxf6 26. Ng7+ Kf8 27. Ne6+ Bxe6 28. Qc1 Bg4 29. Qh6+ Kg8 30. Qg7# 1-0

[Event "Junior Online 4NCL Division 3"]
[Site "online"]
[Date "2021.11.11"]
[EventDate "2021.11.11"]
[Round "7.105"]
[White "Biswas, Snigdha"]
[WhiteElo "548"]
[WhiteTeam "East Kilbride Rooks"]
[Black "Zhou, Richard"]
[BlackElo "1300"]
[BlackTeam "Edgware Gambits D"]
[Result "0-1"]
[PlyCount "58"]

1. e4 c5 2. Nc3 Nc6 3. Nf3 g6 4. Bc4 Bg7 5. d3 e6 6. Bf4 Nge7 7. O-O a6 8. a4 O-O 9. h3 b6 10. Qd2 Bb7 11. Qe2 Nd4 12. Nxd4 cxd4 13. Na2 Rc8 14. c3 d5 15. cxd4 Bxd4 16. Nc3 dxc4 17. dxc4 Nc6 18. Rfd1 Qh4 19. e5 Bc5 20. Ne4 Nd4 21. Qd2 Bxe4 22. Be3 Nf3+ 23. Kf1 Nxd2+ 24. Rxd2 Bxe3 25. fxe3 Rxc4 26. Rd6 Rfc8 27. Rxb6 Rc1+ 28. Rxc1 Rxc1+ 29. Ke2 Qe1# 0-1

[Event "Junior Online 4NCL Division 3"]
[Site "online"]
[Date "2021.11.11"]
[EventDate "2021.11.11"]
[Round "7.106"]
[White "Jowell, Leo"]
[WhiteElo "1291"]
[WhiteTeam "Edgware Gambits D"]
[Black "Narasimhan, Srivathsan"]
[BlackElo "501"]
[BlackTeam "East Kilbride Rooks"]
[Result "0-1"]
[PlyCount "56"]

1. d4 d5 2. c4 Nf6 3. Nc3 dxc4 4. e3 Nc6 5. Bxc4 Bf5 6. Nf3 e6 7. O-O Bb4 8. Qb3 Ne4 9. Nxe4 Bxe4 10. Bb5 O-O 11. Bxc6 Bxc6 12. Qxb4 b6 13. Qc4 a6 14. Qxc6 f5 15. Qxe6+ Kh8 16. Nh4 Qxh4 17. Bd2 Rae8 18. Qc4 c5 19. dxc5 Qxc4 20. cxb6 Qb5 21. a3 Qxb6 22. Bb4 Rf7 23. Rfe1 h6 24. e4 Rxe4 25. Rxe4 fxe4 26. Rf1 e3 27. fxe3 Qxe3+ 28. Kh1 Rxf1# 0-1

[Event "Junior Online 4NCL Division 3"]
[Site "online"]
[Date "2021.11.11"]
[EventDate "2021.11.11"]
[Round "7.107"]
[White "Vinodh, Sampriti"]
[WhiteElo "336"]
[WhiteTeam "East Kilbride Rooks"]
[Black "Srinivasan, Gowri"]
[BlackElo "1205"]
[BlackTeam "Edgware Gambits D"]
[Result "0-1"]
[PlyCount "70"]

1. e4 e5 2. Nf3 Nc6 3. Nc3 Nf6 4. Bc4 Bc5 5. d3 d6 6. Bg5 h6 7. Bxf6 Qxf6 8. h3 Bd7 9. Nd5 Qd8 10. Qe2 O-O 11. O-O Be6 12. a3 a6 13. b4 Ba7 14. c3 b5 15. Bb3 Ne7 16. Nxe7+ Qxe7 17. Bxe6 Qxe6 18. d4 exd4 19. cxd4 f5 20. Nd2 Bxd4 21. Rac1 fxe4 22. Nxe4 d5 23. Ng3 Qb6 24. Nh5 Rae8 25. Qd2 Re7 26. Rfe1 Bxf2+ 27. Kf1 Be3+ 28. Qf2 Rxf2+ 29. Kg1 Re2+ 30. Kf1 Rxe1+ 31. Kxe1 Bxc1+ 32. Kd1 Qe3 33. Kc2 Re6 34. Kb1 Qb3+ 35. Ka1 Qb2# 0-1

[Event "Junior Online 4NCL Division 3"]
[Site "online"]
[Date "2021.11.11"]
[EventDate "2021.11.11"]
[Round "7.108"]
[White "Milani-Foglia, Aurelio"]
[WhiteElo "1128"]
[WhiteTeam "Edgware Gambits D"]
[Black "Vusikala, Tarun"]
[BlackElo "347"]
[BlackTeam "East Kilbride Rooks"]
[Result "0-1"]
[PlyCount "58"]

1. e4 e5 2. Nf3 Nc6 3. Bc4 Bc5 4. d3 d6 5. O-O Qe7 6. Nc3 Be6 7. Bb3 O-O-O 8. Bxe6+ Qxe6 9. Ng5 Qe7 10. Nd5 Qd7 11. b4 Bd4 12. c3 f6 13. Nf3 Nge7 14. Nxe7+ Nxe7 15. cxd4 exd4 16. Nxd4 c5 17. bxc5 dxc5 18. Nb3 Qc6 19. Be3 c4 20. Rc1 Rxd3 21. Qe2 Rhd8 22. Bd4 R3xd4 23. Nxd4 Rxd4 24. Qe3 Rxe4 25. Qxa7 Nd5 26. Qa8+ Kc7 27. Rfe1 Nf4 28. Qg8 Rxe1+ 29. Rxe1 Qxg2# 0-1

[Event "Junior Online 4NCL Division 3"]
[Site "online"]
[Date "2021.11.11"]
[EventDate "2021.11.11"]
[Round "7.111"]
[White "Bedretdinov, Rasul"]
[WhiteElo "1155"]
[WhiteTeam "Tetherdown Bishops"]
[Black "Spitz, Danny"]
[BlackElo "1370"]
[BlackTeam "Coldfall Bishops"]
[Result "0-1"]
[PlyCount "154"]

1. e4 b6 2. d4 Bb7 3. Nc3 e6 4. Bd3 d5 5. exd5 exd5 6. Nf3 Bd6 7. O-O Ne7 8. Re1 O-O 9. Be3 Ng6 10. Qd2 Nd7 11. Nb5 Nf6 12. Nxd6 Qxd6 13. c3 c5 14. Bc2 Ne4 15. Qd1 Rfe8 16. b4 Nxc3 17. Qd2 cxb4 18. Bxg6 fxg6 19. Bf4 Qf6 20. Be5 Qc6 21. Rac1 Qb5 22. a3 a5 23. h3 Ne4 24. Qe3 Rac8 25. axb4 Qxb4 26. Rb1 Qc3 27. Rxb6 Qxe3 28. fxe3 Bc6 29. Ra6 a4 30. Ra7 Nf6 31. Ng5 h6 32. Nf7 Ra8 33. Rc7 Re6 34. Ra1 Nd7 35. Nd6 Nxe5 36. dxe5 Ra6 37. Rc8+ Kh7 38. Nf7 g5 39. Rh8+ Kg6 40. Nd6 Rxe5 41. Rf1 a3 42. Rg8 a2 43. Ra1 Rxe3 44. Rb8 Bd7 45. Rb2 Rxd6 46. Raxa2 d4 47. Rf2 d3 48. Kh2 Bb5 49. Rfb2 Bc4 50. Ra4 d2 51. Rxd2 Rxd2 52. Rxc4 Ree2 53. Rc6+ Kh7 54. Rc1 Rxg2+ 55. Kh1 Rh2+ 56. Kg1 Rxh3 57. Rf1 Rhh2 58. Re1 Rhg2+ 59. Kf1 Rge2 60. Rxe2 Rxe2 61. Kxe2 Kg6 62. Kf2 Kf5 63. Kg2 Kf4 64. Kh2 g4 65. Kg2 h5 66. Kh2 h4 67. Kg2 g3 68. Kh1 Kg4 69. Kg2 h3+ 70. Kg1 Kf3 71. Kh1 g2+ 72. Kg1 Ke2 73. Kh2 Kf1 74. Kxh3 g1=Q 75. Kh4 Kf2 76. Kh5 Kf3 77. Kh4 Qg4# 0-1

[Event "Junior Online 4NCL Division 3"]
[Site "online"]
[Date "2021.11.11"]
[EventDate "2021.11.11"]
[Round "7.113"]
[White "Murphy, Sam"]
[WhiteElo "1105"]
[WhiteTeam "Tetherdown Bishops"]
[Black "Haga, Viktor"]
[BlackElo "1173"]
[BlackTeam "Coldfall Bishops"]
[Result "0-1"]
[PlyCount "128"]

1. d4 Nf6 2. c4 e5 3. dxe5 Ne4 4. Qc2 d5 5. cxd5 Qxd5 6. Nc3 Nxc3 7. Qxc3 Nc6 8. Nf3 Bg4 9. Qc2 Bxf3 10. exf3 Qxe5+ 11. Qe2 Qxe2+ 12. Bxe2 Bb4+ 13. Bd2 Bxd2+ 14. Kxd2 O-O-O+ 15. Kc2 Nd4+ 16. Kd1 Rhe8 17. Bd3 Nb5 18. Kd2 c5 19. Kc2 Nd4+ 20. Kc3 b5 21. a3 c4 22. Bxh7 Nb3 23. Rad1 Rxd1 24. Rxd1 g6 25. Kb4 Rh8 26. Bxg6 fxg6 27. h3 a6 28. Rd6 Rg8 29. Rxa6 Nd4 30. Rd6 Nf5 31. Rd1 Nh4 32. Kxb5 Nxg2 33. Kxc4 Nf4 34. h4 g5 35. hxg5 Rxg5 36. Rc1 Kb7 37. Kd4 Ne2+ 38. Ke4 Nxc1 39. f4 Rg4 40. Ke5 Nd3+ 41. Kf5 Rxf4+ 42. Kg5 Rxf2 43. Kg4 Rxb2 44. Kf3 Ra2 45. Ke3 Rxa3 46. Kd4 Nc1 47. Kc4 Ra1 48. Kc3 Ne2+ 49. Kd3 Ra2 50. Ke3 Kc6 51. Kd3 Kd5 52. Ke3 Nd4 53. Kf4 Re2 54. Kg4 Rf2 55. Kg3 Rf8 56. Kg4 Ke5 57. Kg3 Ke4 58. Kg2 Ne2 59. Kh3 Rg8 60. Kh4 Kf5 61. Kh3 Kf4 62. Kh2 Kf3 63. Kh1 Kf2 64. Kh2 Rh8# 0-1

[Event "Junior Online 4NCL Division 3"]
[Site "online"]
[Date "2021.11.11"]
[EventDate "2021.11.11"]
[Round "7.114"]
[White "Agasee, Emilio"]
[WhiteElo "1191"]
[WhiteTeam "Coldfall Bishops"]
[Black "Thorburn, Rory"]
[BlackElo "1128"]
[BlackTeam "Tetherdown Bishops"]
[Result "1-0"]
[PlyCount "57"]

1. e4 e5 2. Nf3 Nc6 3. Nc3 Nf6 4. d4 exd4 5. Nxd4 Nxd4 6. Qxd4 Be7 7. Bg5 O-O 8. Be2 h6 9. Bxf6 Bxf6 10. e5 Bg5 11. f4 Be7 12. O-O-O b6 13. Bd3 g6 14. Nd5 Bc5 15. Qe4 d6 16. Nf6+ Kg7 17. Nh5+ Kg8 18. Nf6+ Kg7 19. Qxa8 dxe5 20. fxe5 Bd4 21. Qe4 Bf5 22. Qd5 Be3+ 23. Kb1 Qe7 24. Bxf5 gxf5 25. Rhf1 Kg6 26. Rf3 Bg5 27. Rg3 f4 28. Qe4+ Kg7 29. Qh7# 1-0

[Event "Junior Online 4NCL Division 3"]
[Site "online"]
[Date "2021.11.11"]
[EventDate "2021.11.11"]
[Round "7.115"]
[White "Spitz, Danny"]
[WhiteElo "1370"]
[WhiteTeam "Coldfall Bishops"]
[Black "Bedretdinov, Rasul"]
[BlackElo "1155"]
[BlackTeam "Tetherdown Bishops"]
[Result "0-1"]
[PlyCount "50"]

1. e4 e5 2. Nf3 Nc6 3. Bc4 Nf6 4. Nc3 Nxe4 5. Nxe4 d5 6. Bd3 dxe4 7. Bxe4 Bd6 8. d4 exd4 9. O-O O-O 10. Qd3 h6 11. Bxc6 bxc6 12. Nxd4 c5 13. Nb5 Ba6 14. Qb3 c6 15. Nxd6 Bxf1 16. Nxf7 Rxf7 17. Be3 Bb5 18. h3 Rb8 19. Bxc5 Be2 20. Qc3 Qg5 21. Re1 Bf3 22. g3 Rd8 23. Qb3 Qxc5 24. g4 Rd1 25. Qb8+ Rf8 0-1

[Event "Junior Online 4NCL Division 3"]
[Site "online"]
[Date "2021.11.11"]
[EventDate "2021.11.11"]
[Round "7.116"]
[White "Kirk, Alex"]
[WhiteElo "1111"]
[WhiteTeam "Tetherdown Bishops"]
[Black "Haga, Xander"]
[BlackElo "1175"]
[BlackTeam "Coldfall Bishops"]
[Result "1/2-1/2"]
[PlyCount "131"]

1. e4 e5 2. Nf3 Nc6 3. Nc3 Nf6 4. d4 exd4 5. Nxd4 Bb4 6. Nxc6 bxc6 7. Bg5 O-O 8. Bxf6 Qxf6 9. Qd3 Re8 10. O-O-O Qxf2 11. Rd2 Qf4 12. g3 Qg5 13. a3 Bxc3 14. Qxc3 Rxe4 15. Bd3 Re8 16. Kb1 Rb8 17. Re2 Rxe2 18. Bxe2 Bb7 19. Re1 Re8 20. Ba6 Rxe1+ 21. Qxe1 Qd8 22. Bxb7 g6 23. Ba6 Qb8 24. Bc4 d5 25. Bd3 Qd8 26. c4 d4 27. c5 Qd5 28. Qe8+ Kg7 29. Be4 Qxc5 30. Qxc6 Qxc6 31. Bxc6 f5 32. Kc2 Kf6 33. Kd3 Ke5 34. b4 Kd6 35. Bf3 c5 36. b5 Ke5 37. a4 Kd6 38. a5 Kc7 39. Be2 h6 40. Kc4 Kd6 41. b6 axb6 42. axb6 Kc6 43. b7 Kxb7 44. Kxc5 Kc7 45. Kd5 Kd7 46. Bb5+ Ke7 47. Ke5 Kf7 48. Kxd4 Kf6 49. Kd5 Kg5 50. Ke5 h5 51. Be2 h4 52. gxh4+ Kxh4 53. Bf1 Kg5 54. Kd4 f4 55. Ke4 Kg4 56. Ke5 f3 57. Kf6 g5 58. Ke5 Kh4 59. Kf5 g4 60. Kf4 Kh5 61. Kg3 Kg5 62. Kf2 Kf4 63. h4 gxh3 64. Bxh3 Ke4 65. Bf5+ Kxf5 66. Kxf3 1/2-1/2

[Event "Junior Online 4NCL Division 3"]
[Site "online"]
[Date "2021.11.11"]
[EventDate "2021.11.11"]
[Round "7.117"]
[White "Haga, Viktor"]
[WhiteElo "1173"]
[WhiteTeam "Coldfall Bishops"]
[Black "Murphy, Sam"]
[BlackElo "1105"]
[BlackTeam "Tetherdown Bishops"]
[Result "0-1"]
[PlyCount "26"]

1. e4 e5 2. Nf3 Nc6 3. Nc3 Nf6 4. d4 exd4 5. Nxd4 Nxd4 6. Qxd4 b6 7. g3 Bc5 8. Qd1 d6 9. Bg2 Bg4 10. Qd2 O-O 11. e5 dxe5 12. Bxa8 Qxa8 13. Na4 Qxh1# 0-1

[Event "Junior Online 4NCL Division 3"]
[Site "online"]
[Date "2021.11.11"]
[EventDate "2021.11.11"]
[Round "7.118"]
[White "Thorburn, Rory"]
[WhiteElo "1128"]
[WhiteTeam "Tetherdown Bishops"]
[Black "Agasee, Emilio"]
[BlackElo "1191"]
[BlackTeam "Coldfall Bishops"]
[Result "0-1"]
[PlyCount "46"]

1. e4 e5 2. Nf3 Nc6 3. Bc4 Nf6 4. Ng5 d5 5. exd5 Nxd5 6. Bxd5 Qxd5 7. Qf3 e4 8. Qg3 Bd6 9. Qe3 Nd4 10. Qc3 Qxg5 11. Qxd4 Qxg2 12. Rf1 Bh3 13. Qc4 Qxh2 14. Qxe4+ Be7 15. Qxb7 Qe5+ 16. Kd1 Bxf1 17. Qc6+ Kd8 18. Qxa8+ Kd7 19. Qf3 Bf6 20. Nc3 Re8 21. Qe3 Qh5+ 22. Qe2 Bxe2+ 23. Ke1 Qh1# 0-1

[Event "Junior Online 4NCL Division 3"]
[Site "online"]
[Date "2021.11.11"]
[EventDate "2021.11.11"]
[Round "7.121"]
[White "Chung, Daniel"]
[WhiteElo "1479"]
[WhiteTeam "Young Dragons B"]
[Black "Gururaj, Rithwik"]
[BlackElo "1601"]
[BlackTeam "Leeds Juniors 1"]
[Result "0-1"]
[PlyCount "110"]

1. d4 Nf6 2. g3 g6 3. Bg2 Bg7 4. c4 O-O 5. Nc3 d6 6. Nf3 Nc6 7. Bg5 h6 8. Bxf6 Bxf6 9. Qd2 Re8 10. Qxh6 Nxd4 11. Nxd4 Bxd4 12. O-O c6 13. Rab1 Bg7 14. Qh4 e6 15. Qf4 d5 16. cxd5 exd5 17. e4 d4 18. Ne2 c5 19. Rfd1 b5 20. Qd2 Bb7 21. Qd3 c4 22. Qd2 d3 23. Nc3 a6 24. Qe3 Bd4 25. Qf4 Qf6 26. Qxf6 Bxf6 27. e5 Bxg2 28. exf6 Bf3 29. Re1 Re6 30. Rxe6 fxe6 31. Re1 Kf7 32. Re3 Bd5 33. Nxd5 exd5 34. Kf1 Kxf6 35. Rf3+ Ke5 36. Ke1 d4 37. a3 a5 38. Rf7 c3 39. bxc3 dxc3 40. Re7+ Kd4 41. Rd7+ Kc4 42. Rc7+ Kb3 43. Rd7 d2+ 44. Kd1 b4 45. axb4 axb4 46. h4 Ra1+ 47. Ke2 Re1+ 48. Kf3 d1=Q+ 49. Rxd1 Rxd1 50. Kg4 c2 51. Kg5 c1=Q+ 52. Kxg6 Qc5 53. h5 Rd6+ 54. Kg7 Qc7+ 55. Kh8 Rd8# 0-1

[Event "Junior Online 4NCL Division 3"]
[Site "online"]
[Date "2021.11.11"]
[EventDate "2021.11.11"]
[Round "7.122"]
[White "Khan, Leo"]
[WhiteElo "1623"]
[WhiteTeam "Leeds Juniors 1"]
[Black "Ryan, Tabitha"]
[BlackElo "1435"]
[BlackTeam "Young Dragons B"]
[Result "0-1"]
[PlyCount "130"]

1. e4 d6 2. d4 Nf6 3. Nc3 g6 4. f4 Bg7 5. Nf3 Bg4 6. h3 Bxf3 7. Qxf3 Nc6 8. Be3 Nb4 9. Qd1 Nh5 10. a3 Nc6 11. Bb5 Ng3 12. Rg1 a6 13. Bxc6+ bxc6 14. Qf3 Nh5 15. g4 Nf6 16. e5 dxe5 17. fxe5 Nd5 18. Nxd5 Qxd5 19. Qxd5 cxd5 20. O-O-O O-O 21. Bd2 Rab8 22. Bb4 Rfe8 23. g5 e6 24. h4 Rb5 25. Rd3 a5 26. Bc5 Reb8 27. b4 axb4 28. Bxb4 Bf8 29. c3 c5 30. dxc5 Bxc5 31. Rg2 Rc8 32. Rb2 Bxb4 33. axb4 Rc4 34. Rh3 d4 35. Kd2 dxc3+ 36. Rxc3 Rxh4 37. Kc1 Rhxb4 38. Rxb4 Rxb4 39. Re3 Rg4 40. Kd2 Rxg5 41. Ke2 Kg7 42. Kf3 h5 43. Kf4 Kh6 44. Rh3 Rg4+ 45. Kf3 Kg5 46. Ke3 h4 47. Kf3 Kf5 48. Rh2 g5 49. Rh3 Rf4+ 50. Ke3 Kg4 51. Rh2 Kg3 52. Re2 h3 53. Re1 h2 54. Rh1 Kg2 55. Rxh2+ Kxh2 56. Ke2 Kg3 57. Ke3 Rf3+ 58. Ke2 Kf4 59. Kd2 Ke4 60. Ke2 Ra3 61. Kf2 g4 62. Kg2 Kf4 63. Kh2 Ra2+ 64. Kg1 Kf3 65. Kh1 Kg3 0-1

[Event "Junior Online 4NCL Division 3"]
[Site "online"]
[Date "2021.11.11"]
[EventDate "2021.11.11"]
[Round "7.123"]
[White "Anandkumar, Govind"]
[WhiteElo "1217"]
[WhiteTeam "Young Dragons B"]
[Black "Ganti, Shriaansh"]
[BlackElo "1662"]
[BlackTeam "Leeds Juniors 1"]
[Result "0-1"]
[PlyCount "70"]

1. e4 e5 2. Nf3 Nc6 3. Bc4 Nf6 4. d3 Bc5 5. Nc3 d6 6. O-O Bg4 7. h3 Bh5 8. Be3 Bb4 9. a3 Bxc3 10. bxc3 Na5 11. Bb3 Nxb3 12. cxb3 O-O 13. d4 Nxe4 14. dxe5 Nxc3 15. Qd3 Bxf3 16. gxf3 dxe5 17. Qxc3 c6 18. Qxe5 Re8 19. Qd4 Qc7 20. Kh1 c5 21. Qxc5 Qd7 22. Kh2 b6 23. Qd4 Qe6 24. Rg1 Qe5+ 25. Qxe5 Rxe5 26. Bd4 Re2 27. Rxg7+ Kf8 28. Rxh7 Rd8 29. Rh8+ Ke7 30. Bf6+ Kxf6 31. Rxd8 Rxf2+ 32. Kg3 Rb2 33. b4 Kg5 34. Rd7 f5 35. Rxa7 f4# 0-1

[Event "Junior Online 4NCL Division 3"]
[Site "online"]
[Date "2021.11.11"]
[EventDate "2021.11.11"]
[Round "7.124"]
[White "Rowe, Angelica"]
[WhiteElo "1449"]
[WhiteTeam "Leeds Juniors 1"]
[Black "Rajdev, Vamika"]
[BlackElo "1150"]
[BlackTeam "Young Dragons B"]
[Result "0-1"]
[PlyCount "40"]

1. e4 c5 2. Nc3 d6 3. f4 Nf6 4. Bc4 e6 5. Nf3 d5 6. Be2 d4 7. e5 dxc3 8. exf6 cxd2+ 9. Bxd2 Qxf6 10. Rb1 Nc6 11. O-O b6 12. Bb5 Bd7 13. Bc3 Qxf4 14. Ne5 Qe3+ 15. Kh1 Nxe5 16. Re1 Qf2 17. Ba6 Nc4 18. Bxc4 Be7 19. Bxg7 Bc6 20. Re2 Bxg2# 0-1

[Event "Junior Online 4NCL Division 3"]
[Site "online"]
[Date "2021.11.11"]
[EventDate "2021.11.11"]
[Round "7.125"]
[White "Gururaj, Rithwik"]
[WhiteElo "1601"]
[WhiteTeam "Leeds Juniors 1"]
[Black "Chung, Daniel"]
[BlackElo "1479"]
[BlackTeam "Young Dragons B"]
[Result "1-0"]
[PlyCount "131"]

1. d4 Nf6 2. c4 d6 3. Nc3 g6 4. e4 Bg7 5. Nf3 O-O 6. Be3 Bg4 7. Bd3 Nbd7 8. O-O c5 9. d5 Nb6 10. h3 Bxf3 11. Qxf3 Re8 12. a3 Nfd7 13. Bd2 Ne5 14. Qe2 Nxd3 15. Qxd3 e6 16. f3 Bd4+ 17. Kh1 Nd7 18. Rab1 Ne5 19. Qe2 exd5 20. Nxd5 Nd7 21. Bc3 Bxc3 22. Nxc3 Nb6 23. Rfd1 Qe7 24. Rd3 Nxc4 25. Rbd1 Red8 26. b3 Ne5 27. Rd5 a6 28. Qd2 b5 29. f4 Nc6 30. Rxd6 Rxd6 31. Qxd6 Qxd6 32. Rxd6 Nd4 33. b4 Nb3 34. bxc5 Nxc5 35. e5 Rc8 36. Nd5 Kg7 37. Kh2 a5 38. Rb6 b4 39. axb4 axb4 40. Rxb4 Rd8 41. Rd4 Ne6 42. Rd3 Nxf4 43. Nxf4 Rxd3 44. Nxd3 Kf8 45. g4 Ke7 46. Kg3 Ke6 47. Kf4 Kd5 48. Nb4+ Ke6 49. Nc6 h6 50. h4 Kd7 51. Nd4 Ke7 52. e6 fxe6 53. Ke5 h5 54. gxh5 gxh5 55. Nxe6 Kf7 56. Kf5 Ke7 57. Nf4 Kf7 58. Nxh5 Kg8 59. Kg6 Kh8 60. Nf4 Kg8 61. h5 Kh8 62. h6 Kg8 63. Nd3 Kh8 64. Ne5 Kg8 65. h7+ Kh8 66. Nf7# 1-0

[Event "Junior Online 4NCL Division 3"]
[Site "online"]
[Date "2021.11.11"]
[EventDate "2021.11.11"]
[Round "7.126"]
[White "Ryan, Tabitha"]
[WhiteElo "1435"]
[WhiteTeam "Young Dragons B"]
[Black "Khan, Leo"]
[BlackElo "1623"]
[BlackTeam "Leeds Juniors 1"]
[Result "1-0"]
[PlyCount "63"]

1. d4 e5 2. c3 exd4 3. cxd4 Bb4+ 4. Bd2 Bd6 5. Nf3 Nf6 6. Nc3 b6 7. e4 Bb7 8. e5 Qe7 9. Be2 Bxe5 10. dxe5 Bxf3 11. Bxf3 Qxe5+ 12. Qe2 Qxe2+ 13. Nxe2 c6 14. O-O O-O 15. Rfe1 d5 16. Nd4 c5 17. Nb5 Nc6 18. Rad1 Rad8 19. Bg5 a6 20. Bxf6 gxf6 21. Nc7 d4 22. Bxc6 Rc8 23. Re7 Rfd8 24. Bb7 Kf8 25. Rde1 Rb8 26. Nxa6 Rxb7 27. Rxb7 d3 28. Rb8 Rxb8 29. Nxb8 c4 30. Nd7+ Kg7 31. Nxb6 d2 32. Rd1 1-0

[Event "Junior Online 4NCL Division 3"]
[Site "online"]
[Date "2021.11.11"]
[EventDate "2021.11.11"]
[Round "7.127"]
[White "Ganti, Shriaansh"]
[WhiteElo "1662"]
[WhiteTeam "Leeds Juniors 1"]
[Black "Anandkumar, Govind"]
[BlackElo "1217"]
[BlackTeam "Young Dragons B"]
[Result "0-1"]
[PlyCount "70"]

1. e4 e6 2. d4 d5 3. e5 c5 4. c3 Nc6 5. Nf3 Qb6 6. Bd3 Bd7 7. Be3 Qxb2 8. Nbd2 Qxc3 9. Rc1 Qxd3 10. dxc5 Be7 11. Rb1 Rb8 12. Rb3 Qg6 13. O-O f6 14. Nh4 Qf7 15. exf6 Nxf6 16. Ndf3 O-O 17. Ng5 Qe8 18. Qd3 Ne4 19. Nxe4 dxe4 20. Qxe4 Qh5 21. g3 Bxh4 22. Qxh4 Qf3 23. Bf4 Nd4 24. Rxf3 Nxf3+ 25. Kg2 Nxh4+ 26. gxh4 Rxf4 27. Kg3 Rf7 28. Rd1 Bc6 29. f4 h6 30. Rd6 Re8 31. h3 e5 32. fxe5 Rf3+ 33. Kg4 Rxe5 34. Rd8+ Kh7 35. Rd6 h5# 0-1

[Event "Junior Online 4NCL Division 3"]
[Site "online"]
[Date "2021.11.11"]
[EventDate "2021.11.11"]
[Round "7.128"]
[White "Rajdev, Vamika"]
[WhiteElo "1150"]
[WhiteTeam "Young Dragons B"]
[Black "Rowe, Angelica"]
[BlackElo "1449"]
[BlackTeam "Leeds Juniors 1"]
[Result "0-1"]
[PlyCount "64"]

1. d4 d5 2. c4 dxc4 3. d5 Nf6 4. Nc3 e5 5. e4 Bc5 6. Be3 Bxe3 7. fxe3 O-O 8. Bxc4 Bg4 9. Nf3 Qd6 10. O-O Qb6 11. h3 Bh5 12. b3 Qxe3+ 13. Rf2 Qxc3 14. Bb5 Nxe4 15. Re2 Bxf3 16. gxf3 Qc5+ 17. Kg2 Qxb5 18. Rxe4 Nd7 19. Qe1 f5 20. Rh4 Rf6 21. Qg3 Rg6 22. Rg4 fxg4 23. hxg4 Qxd5 24. Rh1 Nf6 25. Qh4 Rxg4+ 26. Qxg4 Nxg4 27. Rh4 Ne3+ 28. Kg3 Nf5+ 29. Kg4 Nxh4 30. Kxh4 Rf8 31. a4 Rf4+ 32. Kh5 e4# 0-1

[Event "Junior Online 4NCL Division 3"]
[Site "online"]
[Date "2021.11.11"]
[EventDate "2021.11.11"]
[Round "7.131"]
[White "Timbrell, Matthew"]
[WhiteElo "1473"]
[WhiteTeam "Somerset Lions"]
[Black "Zhu, Pengxiao"]
[BlackElo "1515"]
[BlackTeam "London Dragons Americium"]
[Result "1/2-1/2"]
[PlyCount "116"]

1. c4 e6 2. Nc3 Nf6 3. g3 d5 4. cxd5 exd5 5. d4 c5 6. e3 Nc6 7. Bg2 cxd4 8. exd4 Be7 9. Nf3 O-O 10. O-O Be6 11. Bf4 a6 12. a3 b5 13. b4 Bd6 14. Be3 Rb8 15. Rc1 a5 16. Nxb5 Rxb5 17. Rxc6 axb4 18. axb4 Rxb4 19. Qe2 Qe7 20. Rfc1 Bd7 21. R6c2 Rfb8 22. h3 Ne4 23. Nd2 Ba4 24. Rc8+ Be8 25. Rxb8 Rxb8 26. Nxe4 dxe4 27. Qg4 Ba3 28. Rc2 Ba4 29. Rc8+ Rxc8 30. Qxc8+ Qe8 31. Qxe8+ Bxe8 32. Bxe4 g6 33. Bh6 f5 34. Bd5+ Bf7 35. Bxf7+ Kxf7 36. Kf1 Kf6 37. Ke2 Be7 38. Bf4 g5 39. Be5+ Ke6 40. Kd3 Kd5 41. f3 h5 42. Bg7 g4 43. fxg4 fxg4 44. hxg4 hxg4 45. Be5 Bg5 46. Kc3 Be7 47. Kd2 Ke4 48. Ke2 Bg5 49. Kf2 Be3+ 50. Ke2 Bc1 51. Kf2 Bb2 52. Ke2 Bc3 53. Bf6 Bb4 54. Be5 Ba3 55. Bf6 Bb2 56. Be5 Bc3 57. Bf6 Kf5 58. Be5 Ke4 1/2-1/2

[Event "Junior Online 4NCL Division 3"]
[Site "online"]
[Date "2021.11.11"]
[EventDate "2021.11.11"]
[Round "7.132"]
[White "Xu, Jiarui"]
[WhiteElo "1452"]
[WhiteTeam "London Dragons Americium"]
[Black "Keech, Gabriel"]
[BlackElo "1520"]
[BlackTeam "Somerset Lions"]
[Result "1-0"]
[PlyCount "75"]

1. e4 c5 2. Nf3 e6 3. d4 cxd4 4. Nxd4 Nf6 5. Nc3 Be7 6. Bd3 O-O 7. O-O Nc6 8. Be3 a6 9. Qd2 b5 10. h3 Bb7 11. a3 Nxd4 12. Bxd4 d5 13. e5 Nd7 14. f4 Bc5 15. Ne2 Qb6 16. Qe3 Rac8 17. c3 Bxd4 18. Nxd4 Nc5 19. Bc2 Rfd8 20. Nb3 Qc7 21. Nxc5 Qxc5 22. Qxc5 Rxc5 23. Rad1 d4 24. Bb3 d3 25. Rf2 Rc7 26. Rfd2 Rcd7 27. Ba2 Be4 28. Bb1 Bf5 29. g4 Be4 30. Kf2 f5 31. g5 g6 32. Ke3 Kf7 33. Bxd3 Bxd3 34. Rxd3 Rxd3+ 35. Rxd3 Ke7 36. Rxd8 Kxd8 37. Kd4 Kc7 38. Kc5 1-0

[Event "Junior Online 4NCL Division 3"]
[Site "online"]
[Date "2021.11.11"]
[EventDate "2021.11.11"]
[Round "7.133"]
[White "Wang, Andy"]
[WhiteElo "1361"]
[WhiteTeam "Somerset Lions"]
[Black "Shi, Shaoquan"]
[BlackElo "1501"]
[BlackTeam "London Dragons Americium"]
[Result "1/2-1/2"]
[PlyCount "90"]

1. d4 d5 2. Bf4 c6 3. Nf3 Nf6 4. e3 Bf5 5. c4 e6 6. Nc3 Be7 7. Be2 O-O 8. O-O Nbd7 9. Qb3 b6 10. Rac1 Ne4 11. Rfd1 Nxc3 12. Qxc3 Nf6 13. Bd3 Bxd3 14. Qxd3 Rc8 15. b3 Ba3 16. Rc2 Qe7 17. Be5 Ng4 18. Bf4 h6 19. Ne5 Nxe5 20. Bxe5 Bd6 21. Bxd6 Qxd6 22. Rdc1 dxc4 23. Rxc4 c5 24. Qc2 Rfd8 25. h3 Qd5 26. dxc5 Rxc5 27. Rxc5 bxc5 28. Qxc5 Qxc5 29. Rxc5 Rd1+ 30. Kh2 Rd2 31. Rc8+ Kh7 32. Rc7 Rxa2 33. Rxf7 Kg6 34. Rf4 Ra3 35. Rb4 a5 36. Rb5 Kf6 37. Kg3 g5 38. f4 gxf4+ 39. Kxf4 Ra2 40. g3 Rf2+ 41. Kg4 Re2 42. Kf4 Rf2+ 43. Kg4 Re2 44. Kf3 Rb2 45. Kg4 Re2 1/2-1/2

[Event "Junior Online 4NCL Division 3"]
[Site "online"]
[Date "2021.11.11"]
[EventDate "2021.11.11"]
[Round "7.134"]
[White "Gan, Mark"]
[WhiteElo "1362"]
[WhiteTeam "London Dragons Americium"]
[Black "Zeng, Jonathan"]
[BlackElo "1330"]
[BlackTeam "Somerset Lions"]
[Result "1-0"]
[PlyCount "85"]

1. e4 e5 2. Nf3 Nc6 3. Bc4 Bc5 4. c3 Nf6 5. d4 exd4 6. cxd4 Bb4+ 7. Bd2 Bxd2+ 8. Nbxd2 d5 9. exd5 Nxd5 10. Qb3 Qe7+ 11. Kf1 Nf4 12. Re1 Be6 13. Qxb7 O-O 14. Qxc6 Rac8 15. d5 Bxd5 16. Bxd5 Qb4 17. Qc4 Qd6 18. Ne5 Nxd5 19. Nb3 Rfe8 20. Nf3 Nb6 21. Qd4 Nd5 22. Rd1 Qa6+ 23. Kg1 Nf6 24. a3 Rb8 25. Nc5 Qe2 26. b4 h6 27. Qd3 Qb2 28. Qb3 Qe2 29. h3 Rbd8 30. Rxd8 Rxd8 31. Kh2 Qxf2 32. Re1 Nh5 33. Ne4 Re8 34. Nxf2 Rxe1 35. Nxe1 Nf6 36. Nf3 Kh7 37. Qd3+ g6 38. Qd4 Kg7 39. Ng4 h5 40. Qxf6+ Kh7 41. Nge5 Kg8 42. Qxf7+ Kh8 43. Nxg6# 1-0

[Event "Junior Online 4NCL Division 3"]
[Site "online"]
[Date "2021.11.11"]
[EventDate "2021.11.11"]
[Round "7.135"]
[White "Zhu, Pengxiao"]
[WhiteElo "1515"]
[WhiteTeam "London Dragons Americium"]
[Black "Timbrell, Matthew"]
[BlackElo "1473"]
[BlackTeam "Somerset Lions"]
[Result "1-0"]
[PlyCount "53"]

1. d4 d5 2. c4 c6 3. cxd5 cxd5 4. Bf4 Nf6 5. e3 g6 6. Nc3 Bg7 7. Nge2 O-O 8. Ng3 Nc6 9. Bd3 e6 10. Nge2 Nb4 11. Nc1 Nxd3+ 12. Nxd3 b6 13. O-O Ba6 14. a3 Bxd3 15. Qxd3 Nh5 16. Bg3 Nxg3 17. hxg3 Rc8 18. Rac1 Qd7 19. Rfd1 Rc7 20. e4 dxe4 21. Qxe4 Rd8 22. Rd3 Rc4 23. Rcd1 e5 24. dxe5 Rxe4 25. Rxd7 Rxd7 26. Rxd7 Bxe5 27. Nxe4 1-0